Statistics for ATP World Tour Rankings Top 50

Click here to take the quiz!

General Stats

  • This quiz has been taken 37 times
  • The average score is 34 of 50

Answer Stats

RankingCountryPlayer% Correct
1.SpainRafael Nadal
100%
2.SwitzerlandRoger Federer
100%
16.UKAndy Murray
97%
12.SerbiaNovak Djokovic
94%
4.GermanyAlexander Zverev
91%
3.BulgariaGrigor Dimitrov
91%
11.ArgentinaJuan Martin del Potro
91%
22.JapanKei Nishikori
91%
24.CanadaMilos Raonic
91%
33.GermanyMischa Zverev
91%
7.BelgiumDavid Goffin
88%
5.AustriaDominic Thiem
88%
17.USAJohn Isner
88%
6.CroatiaMarin Cilic
88%
21.AustraliaNick Kyrgios
88%
9.SwitzerlandStan Wawrinka
88%
14.South AfricaKevin Anderson
85%
27.ItalyFabio Fognini
82%
8.USAJack Sock
82%
15.FranceJo-Wilfried Tsonga
82%
19Czech RepublicTomas Berdych
82%
37.SpainDavid Ferrer
74%
20.SpainRoberto Bautista Agut
74%
46.FranceGael Monfils
71%
31.FranceRichard Gasquet
71%
32.UruguayPablo Cuevas
68%
25.LuxembourgGilles Muller
65%
50.UKKyle Edmund
65%
26.ArgentinaDiego Schwartzman
62%
35.SpainFernando Verdasco
62%
18.FranceLucas Pouille
62%
13.USASam Querrey
62%
48.CroatiaBorna Coric
59%
29.GermanyPhilipp Kohlschreiber
59%
38.UkraineAlexander Dolgopolov
56%
10.SpainPablo Carreno Busta
56%
39.RussiaAndrey Rublev
50%
41.FranceBenoit Paire
47%
30.Bosnia and HerzegovinaDamir Dzumhur
47%
36.SpainFeliciano Lopez
47%
42.NetherlandsRobin Haase
47%
45.RussiaKaren Khachanov
44%
44.USASteve Johnson
44%
34.SerbiaFilip Krajinovic
41%
23.SpainAlbert Ramos-Vinolas
38%
28.FranceAdrian Mannarino
35%
40.JapanYuichi Sugita
29%
49.UKAljaz Bedene
21%
43.ItalyPaolo Lorenzi
21%
47.USARyan Harrison
18%

Score Distribution

Percentile by Number Answered

Percent of People with Each Score

Your Score History

You have not taken this quiz